Children for social change : education for citizenship of street and working children in Brazil /

Bibliographic Details
Main Author: Swift, Anthony
Format: Book
Language:English
Published: Nottingham [England] : Educational Heretics Press, 1997.
Subjects:

MARC

Tag First Indicator Second Indicator Subfields
LEADER 00000cam a2200000 a 4500
001 in00001406660
005 20151020072836.0
008 980202s1997 enka b 000 0 eng c
020 |a 1900219093 
035 |a (OCoLC)38298534 
035 |9 AHQ3611AM 
040 |a ESU  |c ESU  |d TJC  |d TXA  |d UtOrBLW 
042 |a pcc 
043 |a s-bl--- 
049 |a TXAM 
050 4 |a HQ792.B7  |b S954 1997 
092 |a 370.981  |b SWI 
100 1 |a Swift, Anthony. 
245 1 0 |a Children for social change :  |b education for citizenship of street and working children in Brazil /  |c by Anthony Swift. 
264 1 |a Nottingham [England] :  |b Educational Heretics Press,  |c 1997. 
300 |a 194 pages :  |b color illustrations ;  |c 21 cm. 
336 |a text  |b txt  |2 rdacontent 
337 |a unmediated  |b n  |2 rdamedia 
338 |a volume  |b nc  |2 rdacarrier 
504 |a Includes bibliographical references. 
650 0 |a Children's rights  |z Brazil. 
650 0 |a Street children  |x Education  |z Brazil. 
650 0 |a Street youth  |x Education  |z Brazil. 
650 0 |a Street children  |z Brazil. 
650 0 |a Street youth  |z Brazil. 
650 0 |a Social movements  |z Brazil. 
650 0 |a Child welfare  |z Brazil. 
948 |a c:ce 
999 |a MARS 
999 f f |s 592b7989-6e57-33f1-be46-7150ff79a9e0  |i a29a5a6f-a328-3393-ad60-36f7ac732646  |t 0 
952 f f |p ric  |a Texas A&M University  |b Rellis Campus  |c Joint Library Facility  |d Remote Storage  |t 0  |e HQ792.B7 S954 1997  |h Library of Congress classification  |i unmediated -- volume  |m A14823314564 
998 f f |a HQ792.B7 S954 1997  |t 0  |l Remote Storage